000 00487nam a2200181Ia 4500
008 240925s9999 xx 000 0 und d
020 _a9814126608
082 _a621.38275 AGR
100 _aAgarwal, Govind P.
245 0 _aFiber-Optic Communication Systems
250 _a3rd
260 _aNew York:
_bJohn Wiley & Sons
_c,2002.
300 _axviii,475p.
_bNA
_fPhotocopy
500 _aIncludes Index
600 _aTelecommunication Engineering
650 _aTechnology
942 _cBK
999 _c9821
_d9821